Länder mit N - Statistiken

Allgemein
  • Dieses Quiz wurde 116 mal gespielt
  • Das Durchschnittsergebnis liegt bei 9 aus 11
Antwortstatistiken
Land % Korrekt
Niger
88%
Namibia
87%
Niederlande
87%
Nigeria
87%
Nordkorea
86%
Nicaragua
85%
Norwegen
84%
Neuseeland
79%
Nauru
78%
Nordmazedonien
78%
Nepal
73%
Keine übereinstimmenden Quizze gefunden
Verteilung der Resultate
Anzahl Personen mit jedem Resultat
Perzentil nach korrekt beantworteten Fragen
Ihre Resultats-Entwicklung
Sie haben dieses Quiz noch nicht gespielt